Československý průmysl v první etapě reformy. 4.

Priemyselné podniky a privatizácia. Podiel štátneho sektora v priemysle v ČSFR a porovnanie s ČR a SR. Podiel zahraničného kapitálu v oblasti priemyselnej výroby. Podiel kupónovej privatizačnej metódy na priebeh privatizácie štátnych podnikov. Situácia štátnych podnikov. Program oživenia ekonomiky -...

Ausführliche Beschreibung

Gespeichert in:
Bibliographische Detailangaben
1. Verfasser: Kolanda, M.
Format: Buchkapitel
Sprache:Tschechisch
Schlagworte:
Tags: Tag hinzufügen
Keine Tags, Fügen Sie das erste Tag hinzu!

MARC

LEADER 00000naa a2200000 4500
001 r013059
005 20221213082635.8
041 0 |a cze 
044 |a CZ 
245 1 0 |a Československý průmysl v první etapě reformy. 4.  |c M. Kolanda 
520 |a Priemyselné podniky a privatizácia. Podiel štátneho sektora v priemysle v ČSFR a porovnanie s ČR a SR. Podiel zahraničného kapitálu v oblasti priemyselnej výroby. Podiel kupónovej privatizačnej metódy na priebeh privatizácie štátnych podnikov. Situácia štátnych podnikov. Program oživenia ekonomiky - jeden z najdôležitejších bodov hospodárskej politiky vlády. Úloha štátu v druhej etape reformy v oblasti mikroekonomickej politiky. 
610 2 0 |a priemysel 
610 2 0 |a privatizácia 
610 2 0 |a ČSFR 
610 2 0 |a Čechy 
610 2 0 |a Slovensko 
610 2 0 |a reformy hospodárske 
610 2 0 |a kapitál zahraničný 
610 2 0 |a podnik štátny 
610 2 0 |a politika hospodárska 
610 2 0 |a oživenie 
610 2 0 |a porovnanie štatistické medzinárodné 
100 1 |a Kolanda, M.